Statistics for Country Codes of Europe on a Map

Click here to take the quiz!

General Stats

  • This quiz has been taken 64 times
    (53 since last reset)
  • The average score is 36 of 45

Answers on the Map

Answers color-coded by a green-red scale on the quiz's map according to % correct below.
 

Answer Stats

Country% Correct
Norway
95%
Russia
95%
Spain
95%
Belgium
93%
Finland
93%
France
93%
Germany
93%
Italy
93%
Romania
90%
Sweden
90%
Greece
88%
Ireland
88%
Poland
88%
United Kingdom
88%
Hungary
85%
Lithuania
85%
Czech Republic
83%
Luxembourg
83%
Portugal
83%
Albania
80%
Bulgaria
80%
Denmark
80%
Estonia
80%
Monaco
80%
Latvia
78%
Moldova
78%
Netherlands
78%
Slovakia
78%
Slovenia
78%
Ukraine
78%
Andorra
76%
Austria
76%
Bosnia and Herzegovina
76%
Liechtenstein
73%
Malta
73%
San Marino
73%
Vatican City
73%
Iceland
71%
Croatia
68%
Switzerland
68%
Montenegro
61%
Belarus
59%
Serbia
56%
Macedonia
51%
Kosovo
29%

Score Distribution

Percentile by Number Answered

Percent of People with Each Score

Your Score History

You have not taken this quiz since the last reset